000 01054cad a2200253 4500
001 ##L134687
002 ##9036
008 060825s2006 000 0 eng u
020 _a9780203894859
_a9780203894859
035 _a(Sirsi) u153282
041 0 _aeng
050 0 4 _a692.5 $2 18
100 1 _aSpain, Bryan
245 0 0 _aSpon's estimating costs guide to plumbing and heating
_bunit rates and project costs
250 _a3rd. ed.
260 _aAbingdon
_bTaylor and Francis
_c2006
350 _a27.99
520 _aAn eBook aimed at contractors and small businesses carrying out small works between £50 and £50 000. Contains cost information broken down into labour, materials, overheads and profit. Includes typical project costs and professional advice on setting up and running a business, such as taxation, book-keeping, VAT and CIS4s and legal obligations.
520 _aSupersedes second edition (ISBN 0415318556)
590 _aIKA171006
651 4 _aUnited Kingdom
_y
690 _aBUILT ENVIRONMENT-BUILDING COSTS
942 _n0
999 _c112447
_d112447